000 00337nam a22001457a 4500
008 221014b ||||| |||| 00| 0 eng d
020 _a9780323036009
041 _aeng
080 _2FIFTH EDITION
_a616.073
082 _a616.073 ALI
100 _a12
101 _aRADIO
245 _aRADIATION PROTECTION
_cALICE M
942 _2udc
_cBK
999 _c58569
_d58569